000 00867nam a2200277Ia 4500
003 OSt
005 20220923215626.0
006 a|||||r|||| 00| 0
007 ta
008 220922b |||||||| |||| 00| 0 hin d
020 _c9
024 _a180,369
037 _cTextual
040 _aARTS
_cARTS
_bhin
041 _2hin
_ahin
082 _aO152,1N031x, L7
100 _aनागर, अमृत लाल
_9157452
245 0 _aभगवती चरण वर्मा
246 _aBhagavatī charaṇ varmā
250 _aसंस्क0 3
260 _aदिल्ली
_b राजपाल एण्ड संस
_c1977
300 _a114 पृ.
_ccm.
650 _aहिन्दी साहित्य
_9156264
942 _hO152,1N031x, L7
_cTEXL
_2CC
999 _c333747
_d333747